Salomé decapitada : Delmira Agustini y la etética finisecular de la fragmentación /

Zapisane w:
Opis bibliograficzny
1. autor: Escaja, Tina
Format: Nieznany
Język:Spanish
Hasła przedmiotowe:
Etykiety: Dodaj etykietę
Nie ma etykietki, Dołącz pierwszą etykiete!

MARC

LEADER 000000000a22000000004500
001 001964
041 0 |a spa 
100 1 |a Escaja, Tina 
245 1 0 |a Salomé decapitada :   |b Delmira Agustini y la etética finisecular de la fragmentación /   |c Tina Escaja. 
310 |a semestral 
650 4 |a AGUSTINI, DELMIRA 
650 4 |a LITERATURA URUGUAYA 
650 4 |a MODERNISMO 
650 4 |a DESMEMBRAMIENTO 
650 4 |a DECAPITACION 
650 4 |a FRAGMENTACION 
650 4 |a ORFEO 
650 4 |a SALOME 
650 4 |a ANALISIS POETICO 
773 0 |x 0798-958-X  |d Venezuela : Universidad Simón Bolívar  |t Estudios: Revista de Investigaciones Literarias y Culturales  |g volumen 5, número 10 (1997), páginas 173-192 
942 |c ARC 
999 |c 9753  |d 9753